[Event "World Youth & Cadets Rapid Championships"]
[Site "Rhodes, Greece"]
[Date "2022.05.01"]
[Round "5.22"]
[White "Sarthak, Deshpande"]
[Black "Hanache, Kai"]
[Result "1-0"]
[TimeControl "10'/game & 5\"/move"]
[WhiteElo "1046"]
[BlackElo "1561"]

1. d4 {[%clk 00:10:08]} {[%emt 00:00:02]} d5 {[%clk 00:10:08]} {[%emt
00:00:03]} 2. c4 {[%clk 00:10:11]} e6 {[%clk 00:10:13]} 3. Nf3 {[%clk
00:10:12]} {[%emt 00:00:05]} a6 {[%clk 00:10:17]} {[%emt 00:00:01]} 4. g3
{[%clk 00:10:01]} {[%emt 00:00:16]} dxc4 {[%clk 00:10:17]} {[%emt 00:00:05]} 5.
Bg2 {[%clk 00:10:01]} {[%emt 00:00:03]} Nf6 {[%clk 00:10:15]} {[%emt 00:00:09]}
6. Ne5 {[%clk 00:09:49]} {[%emt 00:00:17]} c5 {[%emt 00:00:10]} 7. e3 {[%clk
00:09:41]} {[%emt 00:00:12]} cxd4 {[%clk 00:10:00]} {[%emt 00:00:16]} 8. exd4
{[%clk 00:09:37]} {[%emt 00:00:09]} Bb4+ {[%clk 00:09:59]} {[%emt 00:00:06]} 9.
Nc3 {[%clk 00:09:21]} {[%emt 00:00:21]} Nd5 {[%clk 00:10:00]} {[%emt 00:00:03]}
10. Qf3 {[%clk 00:08:25]} {[%emt 00:01:00]} Qc7 {[%clk 00:09:44]} {[%emt
00:00:21]} 11. O-O {[%clk 00:08:16]} {[%emt 00:00:15]} Bxc3 {[%clk 00:09:46]}
{[%emt 00:00:03]} 12. bxc3 {[%clk 00:08:17]} {[%emt 00:00:05]} O-O {[%clk
00:09:48]} {[%emt 00:00:03]} 13. Ba3 {[%clk 00:07:51]} {[%emt 00:00:31]} Re8
{[%clk 00:09:47]} {[%emt 00:00:07]} 14. Bd6 {[%clk 00:07:40]} {[%emt 00:00:15]}
Qd8 {[%clk 00:09:03]} {[%emt 00:00:49]} 15. Qxf7+ {[%clk 00:07:23]} {[%emt
00:00:22]} Kh8 {[%clk 00:09:03]} {[%emt 00:00:06]} 16. Qf3 {[%clk 00:05:55]}
{[%emt 00:01:33]} Kg8 {[%clk 00:08:48]} {[%emt 00:00:19]} 17. Qf7+ {[%clk
00:05:15]} {[%emt 00:00:44]} Kh8 {[%clk 00:08:51]} {[%emt 00:00:02]} 18. Bxd5
{[%clk 00:05:11]} {[%emt 00:00:09]} exd5 {[%clk 00:08:53]} {[%emt 00:00:04]} 19.
Qxd5 {[%clk 00:04:50]} {[%emt 00:00:25]} Be6 {[%clk 00:08:14]} {[%emt
00:00:48]} 20. Qxe6 {[%clk 00:04:29]} {[%emt 00:00:24]} Rxe6 {[%clk 00:08:17]}
{[%emt 00:00:01]} 21. Nf7+ {[%clk 00:04:33]} {[%emt 00:00:02]} Kg8 {[%clk
00:08:17]} {[%emt 00:00:04]} 22. Nxd8 {[%clk 00:04:36]} {[%emt 00:00:02]} Rxd6
{[%clk 00:08:19]} {[%emt 00:00:03]} 23. Nxb7 {[%clk 00:04:39]} {[%emt
00:00:02]} Rd7 {[%clk 00:08:09]} {[%emt 00:00:15]} 24. Nc5 {[%clk 00:04:42]}
{[%emt 00:00:02]} Rc7 {[%clk 00:08:14]} 25. Rfe1 {[%clk 00:04:40]} {[%emt
00:00:07]} Kf7 {[%clk 00:08:04]} {[%emt 00:00:14]} 26. Rab1 {[%clk 00:04:31]}
{[%emt 00:00:15]} Nd7 {[%clk 00:07:58]} {[%emt 00:00:11]} 27. Nxd7 {[%clk
00:04:23]} {[%emt 00:00:13]} Rxd7 {[%clk 00:08:02]} {[%emt 00:00:01]} 28. Rb6
{[%clk 00:04:22]} {[%emt 00:00:05]} a5 {[%clk 00:07:45]} {[%emt 00:00:23]} 29.
Rc6 {[%clk 00:04:23]} {[%emt 00:00:04]} Rb7 {[%clk 00:07:50]} 30. Re2 {[%clk
00:04:21]} {[%emt 00:00:07]} a4 {[%clk 00:07:45]} {[%emt 00:00:09]} 31. Rxc4
{[%clk 00:04:16]} {[%emt 00:00:10]} a3 {[%clk 00:07:35]} {[%emt 00:00:15]} 32.
Rb4 {[%clk 00:03:51]} {[%emt 00:00:30]} Rxb4 {[%clk 00:07:17]} {[%emt
00:00:22]} 33. cxb4 {[%clk 00:03:55]} {[%emt 00:00:02]} Ra4 {[%clk 00:07:21]}
34. Re3 {[%clk 00:03:28]} {[%emt 00:00:31]} Rxb4 {[%clk 00:07:25]} {[%emt
00:00:02]} 35. Rxa3 {[%clk 00:03:31]} {[%emt 00:00:02]} Rxd4 {[%clk 00:07:29]}
36. Ra7+ {[%clk 00:03:32]} {[%emt 00:00:04]} Kg6 {[%clk 00:07:32]} {[%emt
00:00:01]} 37. a4 {[%clk 00:03:35]} {[%emt 00:00:02]} Rd1+ {[%clk 00:07:35]}
{[%emt 00:00:02]} 38. Kg2 {[%clk 00:03:39]} Ra1 {[%clk 00:07:34]} {[%emt
00:00:05]} 39. a5 {[%clk 00:03:39]} {[%emt 00:00:05]} Ra2 {[%clk 00:07:24]}
{[%emt 00:00:16]} 40. a6 {[%clk 00:03:39]} {[%emt 00:00:05]} Rb2 {[%clk
00:07:23]} {[%emt 00:00:06]} 41. Ra8 {[%clk 00:03:32]} {[%emt 00:00:13]} Ra2
{[%clk 00:07:25]} {[%emt 00:00:03]} 42. a7 {[%clk 00:03:35]} {[%emt 00:00:02]}
Kg5 {[%clk 00:07:22]} {[%emt 00:00:07]} 43. Kh3 {[%clk 00:03:19]} {[%emt
00:00:23]} Ra3 {[%clk 00:07:17]} {[%emt 00:00:09]} 44. f4+ {[%clk 00:03:20]}
{[%emt 00:00:04]} Kg6 {[%clk 00:07:06]} {[%emt 00:00:16]} 45. Kg4 {[%clk
00:03:14]} {[%emt 00:00:10]} Ra4 {[%clk 00:06:49]} {[%emt 00:00:23]} 46. h4
{[%clk 00:03:03]} {[%emt 00:00:15]} Kh6 {[%clk 00:06:32]} {[%emt 00:00:22]} 47.
h5 {[%clk 00:02:46]} {[%emt 00:00:23]} Ra5 {[%clk 00:06:29]} {[%emt 00:00:08]}
48. Rb8 {[%clk 00:01:13]} {[%emt 00:01:38]} Rxa7 {[%clk 00:06:25]} {[%emt
00:00:09]} 49. Rb6+ {[%clk 00:01:17]} {[%emt 00:00:01]} g6 {[%clk 00:06:29]} 50.
hxg6 {[%clk 00:01:19]} {[%emt 00:00:03]} hxg6 {[%clk 00:06:32]} {[%emt
00:00:02]} 51. f5 {[%clk 00:01:21]} {[%emt 00:00:03]} Rg7 {[%clk 00:06:07]}
{[%emt 00:00:29]} 52. Kh4 {[%clk 00:01:20]} {[%emt 00:00:06]} Kh7 {[%clk
00:06:01]} {[%emt 00:00:12]} 53. Rxg6 {[%clk 00:01:18]} {[%emt 00:00:07]} Rf7
{[%clk 00:05:59]} {[%emt 00:00:06]} 54. Kg5 {[%clk 00:01:18]} {[%emt 00:00:05]}
Ra7 {[%clk 00:05:55]} {[%emt 00:00:09]} 55. g4 {[%clk 00:01:17]} {[%emt
00:00:06]} Ra4 {[%clk 00:05:56]} {[%emt 00:00:04]} 56. Rh6+ {[%clk 00:01:20]}
{[%emt 00:00:03]} Kg7 {[%clk 00:05:59]} {[%emt 00:00:03]} 57. f6+ {[%clk
00:01:21]} {[%emt 00:00:02]} Kf7 {[%clk 00:06:00]} {[%emt 00:00:05]} 58. Rh7+
{[%clk 00:01:19]} {[%emt 00:00:07]} Kf8 {[%clk 00:06:03]} 59. Kf5 {[%clk
00:01:17]} {[%emt 00:00:08]} Ra5+ {[%clk 00:06:00]} {[%emt 00:00:09]} 60. Kg6
{[%clk 00:01:21]} Ke8 {[%clk 00:05:34]} {[%emt 00:00:31]} 61. Rh8+ {[%clk
00:01:10]} {[%emt 00:00:16]} Kd7 {[%clk 00:05:37]} {[%emt 00:00:01]} 62. f7
{[%clk 00:01:12]} {[%emt 00:00:04]} Ra6+ {[%clk 00:05:42]} 63. Kg7 {[%clk
00:01:14]} {[%emt 00:00:03]} Ra7 {[%clk 00:05:41]} {[%emt 00:00:05]} 64. f8=Q
{[%emt 00:00:10]} Ke6+ {[%clk 00:05:44]} 65. Kg6 {[%clk 00:01:11]} {[%emt
00:00:03]} Re7 {[%clk 00:05:35]} {[%emt 00:00:15]} 66. Qxe7+ {[%clk 00:01:11]}
{[%emt 00:00:05]} 1-0

[Event "World Youth & Cadets Rapid Championships"]
[Site "Rhodes, Greece"]
[Date "2022.05.01"]
[Round "5.23"]
[White "Beniosev, Daniel"]
[Black "Jalving, August"]
[Result "0-1"]
[TimeControl "10'/game & 5\"/move"]
[WhiteElo "1427"]
[BlackElo "1538"]

1. e4 {[%clk 00:10:04]} {[%emt 00:00:04]} c6 {[%clk 00:10:07]} {[%emt
00:00:03]} 2. d4 {[%clk 00:10:03]} {[%emt 00:00:05]} d5 {[%clk 00:10:08]}
{[%emt 00:00:04]} 3. exd5 {[%clk 00:09:53]} {[%emt 00:00:16]} cxd5 {[%clk
00:10:12]} {[%emt 00:00:02]} 4. Bd3 {[%clk 00:09:54]} {[%emt 00:00:02]} Nf6
{[%clk 00:10:15]} {[%emt 00:00:03]} 5. c3 {[%emt 00:00:07]} Bg4 {[%clk
00:10:14]} {[%emt 00:00:02]} 6. Nf3 {[%clk 00:09:57]} {[%emt 00:00:06]} Nc6
{[%clk 00:10:17]} 7. h3 {[%clk 00:10:00]} {[%emt 00:00:03]} Bh5 {[%clk
00:10:20]} 8. Be3 {[%clk 00:10:02]} {[%emt 00:00:06]} e6 {[%emt 00:00:05]} 9.
Nbd2 {[%clk 00:09:44]} {[%emt 00:00:20]} Bd6 {[%clk 00:10:25]} {[%emt
00:00:03]} 10. Qc2 {[%clk 00:09:38]} {[%emt 00:00:09]} O-O {[%clk 00:10:25]}
{[%emt 00:00:06]} 11. g4 {[%clk 00:09:35]} {[%emt 00:00:08]} Bg6 {[%clk
00:10:22]} {[%emt 00:00:08]} 12. Rg1 {[%clk 00:09:01]} {[%emt 00:00:39]} Rc8
{[%clk 00:10:21]} {[%emt 00:00:07]} 13. Bxg6 {[%emt 00:00:08]} fxg6 {[%clk
00:09:54]} {[%emt 00:00:31]} 14. a3 {[%clk 00:08:50]} {[%emt 00:00:14]} b5
{[%clk 00:09:42]} {[%emt 00:00:17]} 15. Qd3 {[%clk 00:08:17]} {[%emt 00:00:38]}
Qb6 {[%clk 00:09:13]} {[%emt 00:00:33]} 16. h4 {[%clk 00:07:37]} {[%emt
00:00:44]} b4 {[%clk 00:08:27]} {[%emt 00:00:52]} 17. h5 {[%clk 00:06:30]}
{[%emt 00:01:11]} bxc3 {[%clk 00:07:57]} {[%emt 00:00:35]} 18. bxc3 {[%clk
00:06:30]} {[%emt 00:00:05]} Ne7 {[%emt 00:00:31]} 19. Rc1 {[%clk 00:05:51]}
{[%emt 00:00:22]} Qb2 {[%clk 00:07:30]} {[%emt 00:00:28]} 20. Rc2 {[%clk
00:05:21]} {[%emt 00:00:36]} Qxa3 {[%clk 00:07:23]} {[%emt 00:00:12]} 21. hxg6
{[%clk 00:05:16]} {[%emt 00:00:11]} Nxg6 {[%clk 00:07:15]} {[%emt 00:00:13]} 22.
g5 {[%clk 00:04:32]} {[%emt 00:00:48]} Nh5 {[%clk 00:07:11]} {[%emt 00:00:09]}
23. Nf1 {[%clk 00:03:58]} {[%emt 00:00:40]} Bb4 {[%clk 00:06:55]} {[%emt
00:00:21]} 24. cxb4 {[%clk 00:03:37]} {[%emt 00:00:25]} Qxd3 {[%clk 00:06:58]}
{[%emt 00:00:02]} 0-1

[Event "World Youth & Cadets Rapid Championships"]
[Site "Rhodes, Greece"]
[Date "2022.05.01"]
[Round "5.24"]
[White "Keerthi Kumar, Advait"]
[Black "Przybys, Bruno"]
[Result "0-1"]
[TimeControl "10'/game & 5\"/move"]
[WhiteElo "1521"]
[BlackElo "1330"]

1. e4 {[%clk 00:10:07]} {[%emt 00:00:02]} c5 {[%clk 00:10:09]} {[%emt
00:00:01]} 2. Nf3 {[%clk 00:10:11]} {[%emt 00:00:02]} Nc6 {[%clk 00:10:12]}
{[%emt 00:00:02]} 3. d4 {[%clk 00:10:14]} {[%emt 00:00:02]} cxd4 {[%clk
00:10:16]} {[%emt 00:00:01]} 4. Nxd4 {[%clk 00:10:18]} {[%emt 00:00:02]} g6
{[%emt 00:00:03]} 5. c4 {[%clk 00:10:20]} {[%emt 00:00:02]} Bg7 {[%clk
00:10:21]} {[%emt 00:00:03]} 6. Be3 {[%clk 00:10:24]} {[%emt 00:00:02]} Nf6
{[%clk 00:10:25]} {[%emt 00:00:01]} 7. Nc3 {[%clk 00:10:28]} {[%emt 00:00:01]}
d6 {[%clk 00:10:27]} {[%emt 00:00:03]} 8. Be2 {[%clk 00:10:30]} {[%emt
00:00:02]} O-O {[%clk 00:10:30]} {[%emt 00:00:03]} 9. O-O {[%clk 00:10:32]}
{[%emt 00:00:03]} Bd7 {[%clk 00:10:33]} 10. Qd2 {[%clk 00:10:35]} {[%emt
00:00:03]} Nxd4 {[%clk 00:10:36]} {[%emt 00:00:01]} 11. Bxd4 {[%clk 00:10:35]}
{[%emt 00:00:03]} Bc6 {[%clk 00:10:40]} {[%emt 00:00:03]} 12. f3 {[%clk
00:10:38]} {[%emt 00:00:02]} Nd7 {[%clk 00:10:44]} {[%emt 00:00:02]} 13. Rad1
{[%clk 00:10:39]} {[%emt 00:00:04]} Qc7 {[%clk 00:10:34]} {[%emt 00:00:14]} 14.
Rc1 {[%clk 00:10:37]} {[%emt 00:00:07]} Rac8 {[%clk 00:10:23]} {[%emt
00:00:16]} 15. Rfd1 {[%clk 00:10:28]} {[%emt 00:00:13]} Rfd8 {[%clk 00:10:12]}
{[%emt 00:00:17]} 16. b3 {[%clk 00:10:22]} {[%emt 00:00:11]} a6 {[%clk
00:10:09]} {[%emt 00:00:08]} 17. Nd5 {[%clk 00:10:10]} {[%emt 00:00:17]} Bxd5
{[%clk 00:09:56]} {[%emt 00:00:18]} 18. exd5 {[%clk 00:10:12]} {[%emt
00:00:02]} Bxd4+ {[%clk 00:09:48]} {[%emt 00:00:13]} 19. Qxd4 {[%clk 00:10:14]}
{[%emt 00:00:02]} Qc5 {[%clk 00:09:51]} {[%emt 00:00:02]} 20. Qxc5 {[%clk
00:10:05]} {[%emt 00:00:14]} Rxc5 {[%clk 00:09:41]} {[%emt 00:00:16]} 21. Kf2
{[%clk 00:10:06]} {[%emt 00:00:04]} Ra5 {[%clk 00:09:32]} {[%emt 00:00:13]} 22.
a4 {[%clk 00:10:01]} {[%emt 00:00:10]} Rc5 {[%clk 00:09:34]} {[%emt 00:00:03]}
23. f4 {[%clk 00:10:01]} {[%emt 00:00:04]} Nf6 {[%clk 00:09:37]} {[%emt
00:00:02]} 24. Bf3 {[%clk 00:10:01]} {[%emt 00:00:05]} Kg7 {[%emt 00:00:16]} 25.
Rc3 {[%clk 00:09:55]} {[%emt 00:00:01]} h6 {[%clk 00:09:30]} {[%emt 00:00:10]}
26. Re3 {[%clk 00:09:58]} {[%emt 00:00:03]} Rc7 {[%clk 00:09:34]} {[%emt
00:00:02]} 27. Rde1 {[%clk 00:10:00]} {[%emt 00:00:03]} Kf8 {[%clk 00:09:27]}
{[%emt 00:00:11]} 28. g4 {[%clk 00:10:02]} {[%emt 00:00:03]} b6 {[%clk
00:09:23]} {[%emt 00:00:10]} 29. h3 {[%clk 00:09:58]} {[%emt 00:00:08]} Ng8
{[%clk 00:09:24]} {[%emt 00:00:04]} 30. Be4 {[%clk 00:09:59]} {[%emt 00:00:05]}
Kg7 {[%clk 00:09:25]} {[%emt 00:00:04]} 31. Kf3 {[%clk 00:09:55]} {[%emt
00:00:08]} Rb8 {[%clk 00:09:14]} {[%emt 00:00:16]} 32. f5 {[%clk 00:09:54]}
{[%emt 00:00:06]} g5 {[%clk 00:09:14]} {[%emt 00:00:05]} 33. Kg3 {[%clk
00:09:48]} {[%emt 00:00:11]} b5 {[%clk 00:09:15]} {[%emt 00:00:04]} 34. axb5
{[%clk 00:09:50]} {[%emt 00:00:03]} axb5 {[%clk 00:09:19]} {[%emt 00:00:01]} 35.
Bd3 {[%clk 00:09:51]} {[%emt 00:00:04]} bxc4 {[%clk 00:09:17]} {[%emt
00:00:08]} 36. Bxc4 {[%clk 00:09:50]} {[%emt 00:00:06]} Ra8 {[%clk 00:09:06]}
{[%emt 00:00:15]} 37. h4 {[%clk 00:09:40]} {[%emt 00:00:15]} Ra2 {[%clk
00:08:55]} {[%emt 00:00:16]} 38. Bb5 {[%clk 00:09:21]} {[%emt 00:00:25]} Rcc2
{[%clk 00:08:38]} {[%emt 00:00:21]} 39. R3e2 {[%clk 00:09:19]} {[%emt
00:00:08]} Rc3+ {[%clk 00:08:29]} {[%emt 00:00:14]} 40. Kg2 {[%clk 00:09:13]}
{[%emt 00:00:09]} Rxe2+ {[%clk 00:08:29]} {[%emt 00:00:06]} 41. Rxe2 {[%clk
00:09:13]} {[%emt 00:00:04]} Rxb3 {[%clk 00:08:33]} {[%emt 00:00:03]} 42. Bc6
{[%clk 00:09:07]} {[%emt 00:00:11]} gxh4 {[%clk 00:08:35]} {[%emt 00:00:03]} 43.
Re1 {[%clk 00:08:51]} {[%emt 00:00:20]} h3+ {[%clk 00:08:28]} {[%emt 00:00:12]}
44. Kh2 {[%clk 00:08:54]} {[%emt 00:00:01]} Nf6 {[%clk 00:08:31]} {[%emt
00:00:03]} 45. Rg1 {[%clk 00:08:44]} {[%emt 00:00:15]} Ne4 {[%clk 00:08:33]}
{[%emt 00:00:04]} 46. Re1 {[%clk 00:08:17]} {[%emt 00:00:30]} Nf2 {[%clk
00:08:05]} {[%emt 00:00:33]} 47. Rg1 {[%clk 00:07:41]} {[%emt 00:00:35]} Kf6
{[%clk 00:08:05]} {[%emt 00:00:12]} 48. Bd7 {[%clk 00:06:56]} {[%emt 00:00:50]}
Kg5 {[%clk 00:08:03]} {[%emt 00:00:08]} 49. Bc8 {[%clk 00:05:29]} {[%emt
00:01:32]} Nxg4+ {[%clk 00:08:03]} {[%emt 00:00:05]} 50. Rxg4+ {[%emt
00:00:04]} Kxg4 {[%clk 00:08:03]} {[%emt 00:00:03]} 51. f6+ {[%clk 00:05:36]}
{[%emt 00:00:01]} Kh4 {[%clk 00:08:06]} {[%emt 00:00:01]} 52. fxe7 {[%clk
00:05:03]} {[%emt 00:00:38]} Rb2+ {[%clk 00:08:11]} 53. Kg1 {[%clk 00:04:50]}
{[%emt 00:00:18]} h2+ {[%clk 00:08:12]} {[%emt 00:00:03]} 54. Kh1 {[%clk
00:04:52]} {[%emt 00:00:03]} Kg3 {[%clk 00:08:15]} {[%emt 00:00:02]} 55. Bf5
{[%clk 00:04:31]} {[%emt 00:00:26]} Re2 {[%clk 00:07:57]} {[%emt 00:00:21]} 56.
e8=Q {[%emt 00:00:22]} Rxe8 {[%clk 00:08:00]} {[%emt 00:00:01]} 57. Be4 {[%clk
00:04:20]} {[%emt 00:00:02]} h5 {[%clk 00:07:58]} {[%emt 00:00:07]} 58. Bg2
{[%clk 00:03:39]} {[%emt 00:00:47]} Re1+ {[%clk 00:08:02]} {[%emt 00:00:01]}
0-1

[Event "World Youth & Cadets Rapid Championships"]
[Site "Rhodes, Greece"]
[Date "2022.05.01"]
[Round "5.25"]
[White "Teng, David"]
[Black "Barbier-Ramaiah, Rohan Theo"]
[Result "0-1"]
[TimeControl "10'/game & 5\"/move"]
[WhiteElo "1423"]
[BlackElo "1280"]

1. e4 {[%clk 00:10:08]} {[%emt 00:00:02]} c5 {[%clk 00:10:08]} {[%emt
00:00:03]} 2. Nf3 {[%clk 00:10:12]} e6 {[%clk 00:10:10]} {[%emt 00:00:02]} 3.
d4 {[%clk 00:10:16]} {[%emt 00:00:02]} cxd4 {[%clk 00:10:14]} {[%emt 00:00:01]}
4. Nxd4 {[%clk 00:10:20]} {[%emt 00:00:01]} Nc6 {[%clk 00:10:17]} {[%emt
00:00:02]} 5. Nc3 {[%clk 00:10:21]} {[%emt 00:00:04]} Nf6 {[%emt 00:00:07]} 6.
Be2 {[%clk 00:10:04]} {[%emt 00:00:19]} Bb4 {[%clk 00:10:18]} {[%emt 00:00:04]}
7. Nxc6 {[%clk 00:10:03]} {[%emt 00:00:06]} bxc6 {[%clk 00:10:21]} {[%emt
00:00:02]} 8. Bd2 {[%clk 00:10:07]} {[%emt 00:00:02]} Bxc3 {[%clk 00:09:50]}
{[%emt 00:00:35]} 9. Bxc3 {[%clk 00:10:09]} {[%emt 00:00:03]} Nxe4 {[%clk
00:09:50]} 10. Bxg7 {[%clk 00:09:54]} {[%emt 00:00:24]} Rg8 {[%clk 00:09:52]}
11. Qd4 {[%clk 00:09:54]} Qa5+ {[%clk 00:09:52]} 12. c3 {[%clk 00:09:54]} Qd5
{[%clk 00:09:52]} 13. Qxd5 {[%clk 00:08:46]} {[%emt 00:02:49]} cxd5 {[%clk
00:08:40]} 14. Bd4 {[%clk 00:08:49]} {[%emt 00:00:07]} Rxg2 {[%clk 00:08:37]}
15. Bf3 {[%clk 00:08:53]} {[%emt 00:00:09]} Rg8 {[%clk 00:08:36]} 16. O-O-O
{[%clk 00:08:44]} {[%emt 00:00:19]} Bb7 {[%clk 00:07:53]} 17. Rhe1 {[%clk
00:08:05]} {[%emt 00:01:33]} a6 {[%clk 00:07:18]} 18. Kb1 {[%clk 00:07:32]}
{[%emt 00:01:19]} Kf8 {[%clk 00:07:05]} 19. Be5 {[%clk 00:07:13]} {[%emt
00:00:41]} Rc8 20. Bxe4 {[%clk 00:07:01]} dxe4 {[%clk 00:05:18]} {[%emt
00:00:05]} 21. Rxd7 {[%clk 00:07:02]} {[%emt 00:00:04]} Bd5 {[%clk 00:04:57]}
{[%emt 00:00:26]} 22. Bd6+ {[%clk 00:06:46]} {[%emt 00:00:21]} Ke8 {[%clk
00:04:15]} {[%emt 00:00:48]} 23. Re7+ {[%clk 00:06:44]} {[%emt 00:00:07]} Kd8
{[%clk 00:04:18]} {[%emt 00:00:01]} 24. Rxf7 {[%clk 00:06:43]} {[%emt
00:00:06]} e3 {[%clk 00:02:52]} {[%emt 00:01:32]} 25. Rxe3 {[%clk 00:06:11]}
{[%emt 00:00:37]} Rg1+ {[%clk 00:02:52]} {[%emt 00:00:05]} 26. Kc2 {[%clk
00:06:14]} {[%emt 00:00:02]} Bxa2 {[%clk 00:02:49]} {[%emt 00:00:08]} 27. Kd2
{[%clk 00:04:20]} {[%emt 00:01:58]} Bb3 {[%clk 00:02:16]} {[%emt 00:00:39]} 28.
Be7+ {[%clk 00:03:51]} {[%emt 00:00:33]} Ke8 {[%clk 00:02:18]} {[%emt
00:00:03]} 29. Rf8+ {[%clk 00:03:40]} {[%emt 00:00:17]} Kd7 {[%clk 00:02:13]}
{[%emt 00:00:09]} 30. Rd3+ {[%clk 00:03:40]} {[%emt 00:00:06]} Kc7 {[%clk
00:02:10]} {[%emt 00:00:08]} 31. Bd6+ {[%clk 00:03:32]} {[%emt 00:00:12]} Kb7
{[%clk 00:02:04]} {[%emt 00:00:11]} 32. Rf7+ {[%clk 00:02:37]} {[%emt
00:01:01]} Kc6 {[%clk 00:01:57]} {[%emt 00:00:10]} 33. Ke3 {[%clk 00:02:15]}
{[%emt 00:00:26]} Re1+ {[%clk 00:01:44]} {[%emt 00:00:20]} 34. Kf3 {[%clk
00:01:54]} {[%emt 00:00:26]} Bd5+ {[%clk 00:01:33]} {[%emt 00:00:16]} 35. Kg3
{[%emt 00:01:15]} Rg8+ {[%clk 00:03:26]} 36. Kh3 {[%clk 00:01:12]} {[%emt
00:00:30]} Kxd6 {[%clk 00:02:35]} {[%emt 00:00:56]} 37. c4 {[%clk 00:01:05]}
{[%emt 00:00:13]} Re5 {[%clk 00:02:12]} {[%emt 00:00:27]} 38. cxd5 {[%clk
00:01:03]} {[%emt 00:00:08]} Rh5# {[%clk 00:02:14]} {[%emt 00:00:02]} 0-1

[Event "World Youth & Cadets Rapid Championships"]
[Site "Rhodes, Greece"]
[Date "2022.05.01"]
[Round "5.26"]
[White "Gabadadze, Gabriel"]
[Black "Sofronie, Vladimir"]
[Result "1-0"]
[TimeControl "10'/game & 5\"/move"]
[WhiteElo "1230"]
[BlackElo "1399"]

1. e4 {[%clk 00:10:10]} {[%emt 00:05:30]} c5 {[%clk 00:10:08]} {[%emt
00:00:02]} 2. Nf3 {[%clk 00:10:11]} {[%emt 00:00:03]} Nc6 {[%clk 00:10:09]}
{[%emt 00:00:04]} 3. d4 {[%clk 00:10:14]} {[%emt 00:00:02]} cxd4 {[%clk
00:10:09]} {[%emt 00:00:06]} 4. Nxd4 {[%clk 00:10:17]} {[%emt 00:00:01]} Nf6
{[%emt 00:00:02]} 5. Nc3 {[%emt 00:00:02]} d6 {[%clk 00:10:08]} {[%emt
00:00:03]} 6. Bg5 {[%clk 00:10:14]} {[%emt 00:00:07]} a6 {[%clk 00:09:52]}
{[%emt 00:00:21]} 7. Be2 {[%clk 00:09:53]} {[%emt 00:00:25]} e6 {[%clk
00:09:38]} {[%emt 00:00:21]} 8. Qd3 {[%clk 00:09:32]} {[%emt 00:00:26]} Be7
{[%clk 00:09:10]} {[%emt 00:00:33]} 9. O-O-O {[%clk 00:09:16]} {[%emt
00:00:20]} Ne5 {[%clk 00:08:47]} {[%emt 00:00:29]} 10. Qg3 {[%clk 00:08:38]}
{[%emt 00:00:42]} Qc7 {[%clk 00:08:27]} {[%emt 00:00:25]} 11. f4 {[%clk
00:08:20]} {[%emt 00:00:23]} Nc6 {[%clk 00:07:35]} {[%emt 00:00:57]} 12. Nxc6
{[%clk 00:08:08]} {[%emt 00:00:18]} bxc6 {[%clk 00:07:36]} {[%emt 00:00:03]} 13.
e5 {[%clk 00:08:07]} {[%emt 00:00:06]} dxe5 {[%clk 00:07:08]} {[%emt 00:00:33]}
14. fxe5 {[%clk 00:08:06]} {[%emt 00:00:07]} Nd5 {[%clk 00:06:49]} {[%emt
00:00:24]} 15. Nxd5 {[%clk 00:07:22]} {[%emt 00:00:48]} Bxg5+ {[%clk 00:05:55]}
{[%emt 00:00:58]} 16. Qxg5 {[%clk 00:07:20]} {[%emt 00:00:07]} cxd5 {[%clk
00:05:58]} {[%emt 00:00:02]} 17. Qxg7 {[%clk 00:07:20]} {[%emt 00:00:05]} Rf8
{[%clk 00:06:02]} 18. Rhf1 {[%clk 00:07:01]} {[%emt 00:00:25]} Ra7 {[%clk
00:05:33]} {[%emt 00:00:34]} 19. Rd3 {[%clk 00:06:41]} {[%emt 00:00:25]} Bd7
{[%clk 00:04:45]} {[%emt 00:00:50]} 20. Rc3 {[%clk 00:06:29]} {[%emt 00:00:19]}
Qb7 {[%clk 00:04:23]} {[%emt 00:00:26]} 21. Bh5 {[%clk 00:06:10]} {[%emt
00:00:25]} Bb5 {[%clk 00:04:12]} {[%emt 00:00:18]} 22. Rf6 {[%clk 00:05:45]}
{[%emt 00:00:29]} Qd7 {[%clk 00:03:46]} {[%emt 00:00:31]} 23. Rxf7 {[%clk
00:04:26]} {[%emt 00:01:25]} Rxf7 {[%clk 00:03:27]} {[%emt 00:00:24]} 24. Bxf7+
{[%clk 00:04:25]} {[%emt 00:00:06]} Qxf7 {[%clk 00:03:24]} {[%emt 00:00:08]} 25.
Rc8+ {[%clk 00:04:27]} {[%emt 00:00:03]} Ke7 {[%clk 00:03:27]} {[%emt
00:00:02]} 26. Qg5+ {[%clk 00:04:27]} {[%emt 00:00:04]} 1-0